[Event "20th Rubinstein Memorial"]
[Site "Polanica Zdroj POL"]
[Date "1982.08.??"]
[Round "10"]
[White "Vilela de Acuna, Jose Luis"]
[Black "Sznapik, Aleksander"]
[WhiteElo "2328"]
[BlackElo "2480"]
[Result "1/2-1/2"]
[EventDate "1982.08.11"]
[PlyCount "47"]
1. d4 Nf6 2. c4 c5 3. d5 g6 4. Nc3 Bg7 5. e4 d6 6. Bd3 O-O 7. Nge2 e6 8. O-O exd5 9. cxd5 b6 10. f3 Ba6 11. Bxa6 Nxa6 12. Bg5 Nc7 13. a3 h6 14. Bh4 Qd7 15. Qd3 Rfb8 16. b4 a6 17. Rfb1 Nb5 18. Be1 Ne8 19. Ra2 Nec7 20. a4 Nd4 21. Bf2 Nxe2+ 22. Nxe2 a5 23. b5 Rf8 24. g4 1/2-1/2

[Event "20th Rubinstein Memorial"]
[Site "Polanica Zdroj POL"]
[Date "1982.08.??"]
[Round "11"]
[White "Bielczyk, Jacek"]
[Black "Filipowicz, Andrzej"]
[WhiteElo "2390"]
[BlackElo "2395"]
[Result "1/2-1/2"]
[EventDate "1982.08.11"]
[PlyCount "85"]
1. e4 c5 2. Nf3 g6 3. d4 Bg7 4. Nc3 Qa5 5. Be3 Nf6 6. Qd2 cxd4 7. Nxd4 Nc6 8. Nb3 Qd8 9. Be2 O-O 10. O-O d6 11. h3 a6 12. f4 Be6 13. Bf3 Bc4 14. Rfe1 Rc8 15. Nd5 Nd7 16. Rab1 a5 17. Bg4 f5 18. exf5 gxf5 19. Bf3 e6 20. Nc3 Bxb3 21. axb3 d5 22. Nb5 Nf6 23. c4 Ne4 24. Qe2 Qh4 25. Rbd1 Rcd8 26. cxd5 exd5 27. Nc7 d4 28. Bf2 Qxf2+ 29. Qxf2 Nxf2 30. Kxf2 Rd7 31. Ne6 Rc8 32. Nc5 Rdc7 33. Bd5+ Kh8 34. Be6 Rf8 35. Nd7 Rd8 36. Bxf5 Bh6 37. Nc5 Bxf4 38. Ne6 Be3+ 39. Kf3 Rf7 40. Nxd8 Rxf5+ 41. Kg4 Rg5+ 42. Kf3 Rf5+ 43. Kg4 1/2-1/2

[Event "20th Rubinstein Memorial"]
[Site "Polanica Zdroj POL"]
[Date "1982.08.??"]
[Round "11"]
[White "Radulov, Ivan"]
[Black "Foisor, Ovidiu"]
[WhiteElo "2480"]
[BlackElo "2400"]
[Result "1/2-1/2"]
[EventDate "1982.08.11"]
[PlyCount "50"]
1. e4 e6 2. d4 d5 3. Nd2 c5 4. exd5 exd5 5. Ngf3 Nc6 6. Bb5 cxd4 7. Nxd4 Bd7 8. N2f3 Bd6 9. O-O Nge7 10. Bg5 O-O 11. Bd3 h6 12. Be3 Nb4 13. Be2 Nf5 14. Nxf5 Bxf5 15. Nd4 Be4 16. Bf3 Re8 17. Bxe4 Rxe4 18. Nf5 Bf8 19. Qd2 Nc6 20. Rfd1 Qf6 21. Ng3 Re5 22. c3 Rd8 23. Qc2 h5 24. Nf1 d4 25. cxd4 Red5 1/2-1/2

[Event "20th Rubinstein Memorial"]
[Site "Polanica Zdroj POL"]
[Date "1982.08.??"]
[Round "11"]
[White "Schmidt, Wlodzimierz"]
[Black "Vilela de Acuna, Jose Luis"]
[WhiteElo "2475"]
[BlackElo "2328"]
[Result "1/2-1/2"]
[EventDate "1982.08.11"]
[PlyCount "54"]
1. d4 Nf6 2. c4 e6 3. Nf3 c5 4. d5 exd5 5. cxd5 g6 6. Nc3 d6 7. e4 Bg7 8. Be2 O-O 9. O-O a6 10. a4 Bg4 11. Bg5 Bxf3 12. Bxf3 Nbd7 13. Qd2 Re8 14. Qf4 Qe7 15. Rae1 Qe5 16. Qc1 Qd4 17. Qc2 c4 18. Be3 Qe5 19. h3 Qe7 20. Bf4 Rac8 21. Re3 Ne5 22. Be2 Qc7 23. Ra1 Nfd7 24. a5 Nc5 25. Bxe5 Bxe5 26. Bxc4 Bd4 27. Ree1 Bxc3 1/2-1/2

[Event "20th Rubinstein Memorial"]
[Site "Polanica Zdroj POL"]
[Date "1982.08.??"]
[Round "11"]
[White "Stempin, Pawel"]
[Black "Pokojowczyk, Jerzy"]
[WhiteElo "2380"]
[BlackElo "2420"]
[Result "1-0"]
[EventDate "1982.08.11"]
[PlyCount "69"]
1. d4 Nf6 2. c4 c5 3. d5 e6 4. Nc3 exd5 5. cxd5 d6 6. Nf3 g6 7. Bg5 h6 8. Bh4 Bg7 9. e3 a6 10. a4 g5 11. Bg3 Nh5 12. Bd3 Qe7 13. Qc2 Nd7 14. Bf5 O-O 15. Nd2 Ne5 16. a5 c4 17. Bxe5 Bxe5 18. Nxc4 Bxf5 19. Qxf5 Ng7 20. Qd3 f5 21. O-O Rae8 22. Rae1 Bf6 23. f3 Rc8 24. Na4 h5 25. Nab6 Rc7 26. e4 f4 27. e5 Bxe5 28. Nxe5 dxe5 29. d6 Qd8 30. Qd5+ Rcf7 31. Rxe5 Kh7 32. Rxg5 Rf5 33. Rxf5 Rxf5 34. Qd3 Kh6 35. b4 1-0

[Event "20th Rubinstein Memorial"]
[Site "Polanica Zdroj POL"]
[Date "1982.08.??"]
[Round "12"]
[White "Filipowicz, Andrzej"]
[Black "Sznapik, Aleksander"]
[WhiteElo "2395"]
[BlackElo "2480"]
[Result "1/2-1/2"]
[EventDate "1982.08.11"]
[PlyCount "80"]
1. e4 c5 2. Nf3 d6 3. d4 cxd4 4. Nxd4 Nf6 5. Nc3 a6 6. f4 e5 7. Nf3 Qc7 8. Bd3 Nbd7 9. a4 b6 10. O-O Bb7 11. Kh1 g6 12. fxe5 dxe5 13. Qe1 Bg7 14. Qh4 h6 15. Be3 Nh5 16. Nd2 O-O 17. Bc4 Ndf6 18. Bb3 Rae8 19. Rf3 g5 20. Qe1 Nf4 21. Qg1 g4 22. Rff1 Nd7 23. g3 Nh3 24. Qg2 Nc5 25. Bd5 Ne6 26. Bxb7 Qxb7 27. Nd5 Nd4 28. c3 Nc2 29. Rac1 Nxe3 30. Nxe3 Rd8 31. Nd5 f5 32. c4 f4 33. gxf4 Rxf4 34. Rce1 h5 35. Nf3 Rdf8 36. Nh4 Rf2 37. Rxf2 Nxf2+ 38. Kg1 Nh3+ 39. Kh1 Nf2+ 40. Kg1 Nh3+ 1/2-1/2

[Event "20th Rubinstein Memorial"]
[Site "Polanica Zdroj POL"]
[Date "1982.08.??"]
[Round "12"]
[White "Panczyk, Krzysztof"]
[Black "Vogt, Lothar"]
[WhiteElo "2380"]
[BlackElo "2490"]
[Result "0-1"]
[EventDate "1982.08.11"]
[PlyCount "51"]
1. d4 g6 2. e4 Bg7 3. c3 d6 4. Bg5 Nf6 5. Nd2 O-O 6. Ngf3 c5 7. dxc5 dxc5 8. Bc4 Nc6 9. O-O Qc7 10. Qe2 Na5 11. Bd3 Be6 12. b4 Nc6 13. b5 Na5 14. Nc4 Rfd8 15. Nxa5 Qxa5 16. Bc4 Qxc3 17. Bxe6 fxe6 18. e5 Nd5 19. Rfc1 Qa3 20. Qc4 Rf8 21. Rab1 Rxf3 22. gxf3 Qxf3 23. Re1 Rf8 24. Rb2 Rf5 25. Bc1 Bxe5 26. Qxc5 0-1

[Event "20th Rubinstein Memorial"]
[Site "Polanica Zdroj POL"]
[Date "1982.08.??"]
[Round "12"]
[White "Pokojowczyk, Jerzy"]
[Black "Nicevski, Risto"]
[WhiteElo "2420"]
[BlackElo "2355"]
[Result "1-0"]
[EventDate "1982.08.11"]
[PlyCount "83"]
1. e4 e5 2. Nf3 Nc6 3. Bb5 a6 4. Ba4 f5 5. d4 exd4 6. Nxd4 Nxd4 7. Qxd4 c5 8. Qe5+ Qe7 9. Qxe7+ Bxe7 10. c4 fxe4 11. Nc3 b6 12. Nd5 Bd8 13. Bc2 Nf6 14. Nxf6+ Bxf6 15. Bxe4 Ra7 16. Bf4 Bb7 17. Bxb7 Rxb7 18. O-O-O O-O 19. Be3 b5 20. cxb5 Rxb5 21. b3 Rc8 22. Rxd7 c4 23. bxc4 Rb2 24. c5 Rcb8 25. Rhd1 Rxa2 26. R1d2 Ra1+ 27. Kc2 Rb2+ 28. Kd3 Rb3+ 29. Ke4 Rc3 30. Rd1 Rxd1 31. Rxd1 a5 32. Rc1 Rxc1 33. Bxc1 Kf7 34. c6 Ke7 35. Kd5 Kd8 36. Kc5 a4 37. Kb5 Bd4 38. f3 Be5 39. f4 Bd6 40. Kxa4 g6 41. Kb5 Kc7 42. g3 1-0

[Event "20th Rubinstein Memorial"]
[Site "Polanica Zdroj POL"]
[Date "1982.08.??"]
[Round "12"]
[White "Popovic, Petar"]
[Black "Stempin, Pawel"]
[WhiteElo "2460"]
[BlackElo "2380"]
[Result "1-0"]
[EventDate "1982.08.11"]
[PlyCount "161"]
1. e4 c5 2. Nf3 d6 3. d4 cxd4 4. Nxd4 Nf6 5. Nc3 e6 6. g3 Nc6 7. Bg2 Bd7 8. O-O Be7 9. Nb3 O-O 10. g4 Rc8 11. g5 Ne8 12. f4 b5 13. Be3 b4 14. Ne2 f6 15. gxf6 Bxf6 16. c3 a5 17. Nbd4 bxc3 18. bxc3 a4 19. Nxc6 Bxc6 20. Rb1 Qe7 21. Qd3 e5 22. Rb6 Kh8 23. f5 Bg5 24. Bf2 Nf6 25. Kh1 Be8 26. Rb4 Bc6 27. a3 Nd7 28. Rd1 Rf6 29. Qa6 Qf8 30. Ng3 Rh6 31. Qe2 Nc5 32. Qg4 Bf4 33. Nh5 Bxh2 34. Kxh2 g6 35. Kg1 Rxh5 36. fxg6 hxg6 37. Rb6 Rh7 38. Rxd6 Bd7 39. Qxg6 Qe7 40. Bxc5 Rxc5 41. Rb8+ Rc8 42. Rxc8+ Bxc8 43. c4 Rg7 44. Qh5+ Rh7 45. Rh6 Rxh6 46. Qxh6+ Kg8 47. Qe3 Be6 48. c5 Kf8 49. Qc3 Bc8 50. Qe3 Ke8 51. Bf1 Qg7+ 52. Kf2 Qf7+ 53. Ke1 Bd7 54. Qg5 Qb3 55. Qxe5+ Kd8 56. Qf6+ Ke8 57. Be2 Qb1+ 58. Kf2 Qc2 59. Qe5+ Kd8 60. Qb8+ Ke7 61. Qd6+ Ke8 62. Qe5+ Kd8 63. Qd4 Ke8 64. Qb4 Kd8 65. Ke3 Qc1+ 66. Kd4 Qg1+ 67. Kd3 Qg3+ 68. Kc2 Qf2 69. Qb8+ Ke7 70. Qd6+ Ke8 71. Kd2 Qf7 72. Qe5+ Kd8 73. Qb8+ Ke7 74. Qd6+ Ke8 75. c6 Qa2+ 76. Ke3 Qb3+ 77. Kf4 Qf7+ 78. Kg5 Qg7+ 79. Kh4 Bg4 80. Qb8+ Ke7 81. Qc7+ 1-0

[Event "20th Rubinstein Memorial"]
[Site "Polanica Zdroj POL"]
[Date "1982.08.??"]
[Round "12"]
[White "Spiridonov, Nikola"]
[Black "Bielczyk, Jacek"]
[WhiteElo "2440"]
[BlackElo "2390"]
[Result "1/2-1/2"]
[EventDate "1982.08.11"]
[PlyCount "36"]
1. Nf3 Nf6 2. c4 d6 3. g3 g6 4. b4 Bg7 5. Bb2 O-O 6. Bg2 e5 7. d3 Nh5 8. Nfd2 f5 9. Nc3 Kh8 10. O-O f4 11. c5 Nc6 12. cxd6 cxd6 13. b5 Nd4 14. e3 Nf5 15. Nc4 Be6 16. Nd5 fxe3 17. Ncxe3 Qd7 18. a4 Nf6 1/2-1/2

[Event "20th Rubinstein Memorial"]
[Site "Polanica Zdroj POL"]
[Date "1982.08.??"]
[Round "12"]
[White "Vilela de Acuna, Jose Luis"]
[Black "Radulov, Ivan"]
[WhiteElo "2328"]
[BlackElo "2480"]
[Result "1/2-1/2"]
[EventDate "1982.08.11"]
[PlyCount "53"]
1. d4 Nf6 2. c4 e6 3. Nf3 d5 4. Nc3 Be7 5. Bg5 O-O 6. e3 b6 7. cxd5 Nxd5 8. Bxe7 Qxe7 9. Nxd5 exd5 10. Rc1 Be6 11. Bd3 g6 12. Qa4 c5 13. dxc5 bxc5 14. Qa3 Nd7 15. O-O Rfc8 16. Nd4 Qf6 17. Nxe6 Qxe6 18. Bb5 Rab8 19. Bxd7 Qxd7 20. Rfd1 Rb5 21. h3 c4 22. Rc2 Qc7 23. Qc3 Qa5 24. Qxa5 Rxa5 25. b3 Rb8 26. bxc4 dxc4 27. g3 1/2-1/2

[Event "20th Rubinstein Memorial"]
[Site "Polanica Zdroj POL"]
[Date "1982.08.??"]
[Round "13"]
[White "Bielczyk, Jacek"]
[Black "Pokojowczyk, Jerzy"]
[WhiteElo "2390"]
[BlackElo "2420"]
[Result "1/2-1/2"]
[EventDate "1982.08.11"]
[PlyCount "43"]
1. e4 c5 2. Nf3 d6 3. d4 cxd4 4. Qxd4 Nc6 5. Bb5 Bd7 6. Bxc6 Bxc6 7. Nc3 e6 8. Bg5 Nf6 9. O-O-O Be7 10. Rhe1 h6 11. Bxf6 Bxf6 12. Qxd6 Qxd6 13. Rxd6 Bxc3 14. bxc3 Ke7 15. Rd2 Bb5 16. Kb2 Rac8 17. Nd4 Rc5 18. Nb3 Rc6 19. Rd5 Bc4 20. Ra5 Rhc8 21. Re3 R6c7 22. Ra4 1/2-1/2

[Event "20th Rubinstein Memorial"]
[Site "Polanica Zdroj POL"]
[Date "1982.08.??"]
[Round "13"]
[White "Foisor, Ovidiu"]
[Black "Vilela de Acuna, Jose Luis"]
[WhiteElo "2400"]
[BlackElo "2328"]
[Result "0-1"]
[EventDate "1982.08.11"]
[PlyCount "150"]
1. d4 Nf6 2. c4 e6 3. Nf3 b6 4. g3 Ba6 5. b3 Bb4+ 6. Bd2 Be7 7. Nc3 c6 8. e4 d5 9. Qc2 dxe4 10. Nxe4 Bb7 11. Bg2 c5 12. Neg5 Nc6 13. dxc5 bxc5 14. O-O h6 15. Ne4 Qc8 16. Bc3 Nb4 17. Nxf6+ Bxf6 18. Qb2 Bxc3 19. Qxc3 O-O 20. a3 Nc6 21. b4 Ne7 22. Rab1 Qc7 23. Qe5 Rac8 24. Qxc7 Rxc7 25. b5 Nc8 26. a4 Nb6 27. Rfc1 Bxf3 28. Bxf3 Nxa4 29. Ra1 Nb6 30. Ra6 Rb8 31. Be2 Rd8 32. Rca1 Rdd7 33. f4 g6 34. Kf2 h5 35. R6a3 Kg7 36. Bd3 Kf6 37. Ke3 Re7 38. Kd2 e5 39. fxe5+ Kxe5 40. Kc3 Kf6 41. R3a2 Rcd7 42. Re2 Rxe2 43. Bxe2 Re7 44. Kd3 Kg7 45. Bf3 f5 46. Ra2 Kf6 47. h4 Ke5 48. Ra1 Rd7+ 49. Kc3 Kf6 50. Bc6 Re7 51. Kd3 g5 52. hxg5+ Kxg5 53. Bf3 Rd7+ 54. Kc3 Re7 55. Kd3 Nd7 56. Kd2 Ne5 57. Be2 h4 58. gxh4+ Kxh4 59. Rg1 f4 60. Rg8 f3 61. Bf1 Ng4 62. Rc8 Rd7+ 63. Ke1 Kg3 64. Rg8 Re7+ 65. Kd2 Kf2 66. Bd3 Ne5 67. Rg5 Nxd3 68. Kxd3 Rd7+ 69. Kc3 Rc7 70. Rg6 Ke2 71. Re6+ Kf1 72. Rc6 Rf7 73. Rxc5 f2 74. Rd5 Ke2 75. Rd2+ Ke3 0-1

[Event "20th Rubinstein Memorial"]
[Site "Polanica Zdroj POL"]
[Date "1982.08.??"]
[Round "13"]
[White "Nicevski, Risto"]
[Black "Popovic, Petar"]
[WhiteElo "2355"]
[BlackElo "2460"]
[Result "1/2-1/2"]
[EventDate "1982.08.11"]
[PlyCount "40"]
1. e4 e6 2. d4 d5 3. Nc3 Nf6 4. Bg5 dxe4 5. Nxe4 Be7 6. Bxf6 Bxf6 7. Nf3 Nd7 8. Bd3 c5 9. dxc5 Nxc5 10. Bb5+ Ke7 11. Qxd8+ Rxd8 12. Nxc5 Rd5 13. Na6 Bxb2 14. Rb1 Rxb5 15. Nc7 Bc3+ 16. Ke2 Rxb1 17. Rxb1 Rb8 18. Na6 Ra8 19. Nc7 Rb8 20. Na6 Ra8 1/2-1/2

[Event "20th Rubinstein Memorial"]
[Site "Polanica Zdroj POL"]
[Date "1982.08.??"]
[Round "13"]
[White "Radulov, Ivan"]
[Black "Pytel, Krzysztof"]
[WhiteElo "2480"]
[BlackElo "2405"]
[Result "1/2-1/2"]
[EventDate "1982.08.11"]
[PlyCount "25"]
1. e4 c5 2. Nf3 d6 3. d4 cxd4 4. Nxd4 Nf6 5. Nc3 a6 6. Be2 e5 7. Nb3 Be7 8. O-O O-O 9. a4 Be6 10. f4 exf4 11. Bxf4 Nc6 12. Kh1 d5 13. exd5 1/2-1/2

[Event "20th Rubinstein Memorial"]
[Site "Polanica Zdroj POL"]
[Date "1982.08.??"]
[Round "13"]
[White "Schmidt, Wlodzimierz"]
[Black "Filipowicz, Andrzej"]
[WhiteElo "2475"]
[BlackElo "2395"]
[Result "1/2-1/2"]
[EventDate "1982.08.11"]
[PlyCount "32"]
1. d4 Nf6 2. c4 e6 3. Nf3 Bb4+ 4. Nbd2 d5 5. e3 O-O 6. a3 Be7 7. b4 a5 8. b5 c5 9. bxc6 Nxc6 10. Bd3 dxc4 11. Bxc4 Rb8 12. Qe2 Nd5 13. a4 Ncb4 14. Nb1 Bd7 15. Ne5 Bf6 16. Nxd7 Qxd7 1/2-1/2

[Event "20th Rubinstein Memorial"]
[Site "Polanica Zdroj POL"]
[Date "1982.08.??"]
[Round "13"]
[White "Stempin, Pawel"]
[Black "Panczyk, Krzysztof"]
[WhiteElo "2380"]
[BlackElo "2380"]
[Result "1-0"]
[EventDate "1982.08.11"]
[PlyCount "80"]
1. d4 Nf6 2. c4 e6 3. Nf3 d5 4. Nc3 Nbd7 5. e3 Be7 6. Bd3 O-O 7. O-O dxc4 8. Bxc4 c5 9. Qd3 cxd4 10. exd4 Nb6 11. Bb3 Bd7 12. Bg5 Nbd5 13. Ne5 Bc6 14. Rad1 Rc8 15. f3 Nh5 16. Bxe7 Nxe7 17. f4 Nf6 18. f5 Nxf5 19. d5 Qb6+ 20. Kh1 Rcd8 21. Qh3 Bxd5 22. Nxd5 Nxd5 23. Rxd5 Rxd5 24. Bxd5 Qd4 25. Bxb7 Qxe5 26. Rb1 Rd8 27. b4 Qb5 28. Bf3 Qa4 29. g4 Qxa2 30. Be4 Qe2 31. Bf3 Qc2 32. Re1 Qf2 33. Ra1 Ne3 34. Bc6 Rd2 35. b5 Re2 36. Qg3 Qxg3 37. hxg3 g5 38. Rxa7 Rb2 39. Be8 Rb1+ 40. Kh2 Rb2+ 1-0

[Event "20th Rubinstein Memorial"]
[Site "Polanica Zdroj POL"]
[Date "1982.08.??"]
[Round "13"]
[White "Sznapik, Aleksander"]
[Black "Spiridonov, Nikola"]
[WhiteElo "2480"]
[BlackElo "2440"]
[Result "1-0"]
[EventDate "1982.08.11"]
[PlyCount "143"]
1. e4 c6 2. d4 d5 3. Nc3 dxe4 4. Nxe4 Nd7 5. Bc4 Ngf6 6. Ng5 e6 7. Qe2 Nb6 8. Bd3 h6 9. N5f3 c5 10. dxc5 Bxc5 11. Ne5 Nbd7 12. Ngf3 Qc7 13. O-O O-O 14. Re1 Nxe5 15. Nxe5 Rd8 16. Bf4 b6 17. Bg3 Bd6 18. Rad1 Bb7 19. c3 Rac8 20. Bb1 Bd5 21. Rd4 Bc5 22. Ng4 Qe7 23. Nxf6+ Qxf6 24. Be5 Bxd4 25. Bxf6 Bxf6 26. Rd1 Bc4 27. Rxd8+ Rxd8 28. Qe1 a5 29. g3 a4 30. Bc2 b5 31. b3 axb3 32. axb3 Bd5 33. Qe2 Ra8 34. Be4 Ra1+ 35. Kg2 Bxe4+ 36. Qxe4 Bxc3 37. Qc6 b4 38. Qe8+ Kh7 39. Qxf7 e5 40. Kf3 Rd1 41. Qf5+ Kh8 42. h4 Rd8 43. g4 Rd4 44. Qe6 Rf4+ 45. Kg3 Kh7 46. Qd5 Rd4 47. Qf3 Rf4 48. Qd3+ Kg8 49. Qd5+ Kh7 50. f3 Be1+ 51. Kh3 Bc3 52. Kg2 Rd4 53. Qe6 Rf4 54. Qe7 Kg8 55. Qe8+ Rf8 56. Qe6+ Kh7 57. Kf2 Rf4 58. Ke2 Rf8 59. Qe7 Rf4 60. Qe8 Rf6 61. Ke3 Rf4 62. g5 hxg5 63. Qh5+ Kg8 64. hxg5 Kf8 65. Qg6 Bd4+ 66. Kd3 Bc3 67. Qd6+ Kg8 68. Qg6 Rxf3+ 69. Ke4 Rf4+ 70. Kd5 e4 71. Qe8+ Kh7 72. Qh5+ 1-0

[Event "20th Rubinstein Memorial"]
[Site "Polanica Zdroj POL"]
[Date "1982.08.??"]
[Round "14"]
[White "Filipowicz, Andrzej"]
[Black "Radulov, Ivan"]
[WhiteElo "2395"]
[BlackElo "2480"]
[Result "1/2-1/2"]
[EventDate "1982.08.11"]
[PlyCount "21"]
1. d4 d5 2. Nf3 Nf6 3. c4 dxc4 4. e3 e6 5. Bxc4 a6 6. O-O c5 7. Qe2 Nc6 8. dxc5 Bxc5 9. a3 O-O 10. b4 Bd6 11. Bb2 1/2-1/2

[Event "20th Rubinstein Memorial"]
[Site "Polanica Zdroj POL"]
[Date "1982.08.??"]
[Round "14"]
[White "Panczyk, Krzysztof"]
[Black "Nicevski, Risto"]
[WhiteElo "2380"]
[BlackElo "2355"]
[Result "0-1"]
[EventDate "1982.08.11"]
[PlyCount "66"]
1. d4 Nf6 2. c4 g6 3. Nc3 Bg7 4. e4 d6 5. Be2 O-O 6. Nf3 e5 7. O-O Nc6 8. d5 Ne7 9. b4 a5 10. Ba3 axb4 11. Bxb4 b6 12. a4 Bd7 13. a5 bxa5 14. Bxa5 Ne8 15. Nd2 f5 16. c5 dxc5 17. Nb3 c4 18. Nd2 Nd6 19. Nxc4 Nec8 20. Qb3 Ra7 21. Qb4 Nxc4 22. Bxc4 Nd6 23. Ra2 Kh8 24. Rfa1 Qg5 25. Qc5 Rfa8 26. Bxc7 Rxa2 27. Bxa2 Nxe4 28. Nxe4 fxe4 29. Qc3 e3 30. Qxe3 h6 31. Qe2 Bh3 32. g3 Qf5 33. Rb1 Rxa2 0-1

[Event "20th Rubinstein Memorial"]
[Site "Polanica Zdroj POL"]
[Date "1982.08.??"]
[Round "14"]
[White "Popovic, Petar"]
[Black "Bielczyk, Jacek"]
[WhiteElo "2460"]
[BlackElo "2390"]
[Result "1-0"]
[EventDate "1982.08.11"]
[PlyCount "71"]
1. e4 d6 2. d4 Nf6 3. Bd3 e5 4. Nf3 Nbd7 5. c3 g6 6. O-O Bg7 7. a4 O-O 8. Re1 Re8 9. Nbd2 h6 10. a5 a6 11. h3 Re7 12. Qc2 Qe8 13. d5 Nh5 14. b4 Nf4 15. Bf1 Nf8 16. c4 f5 17. Ra3 fxe4 18. Nxe4 g5 19. Kh2 g4 20. Ng1 Qh5 21. Qd1 Qg6 22. g3 Nxh3 23. Nxh3 gxh3 24. Bxh3 Nh7 25. Bxc8 Rxc8 26. Kg2 Nf6 27. Nxf6+ Bxf6 28. Rh1 Bg5 29. Bxg5 hxg5 30. Qg4 Rf8 31. Rh5 Rf5 32. Rf3 Ref7 33. Rxf5 Rxf5 34. f3 Kf8 35. Rh6 Qf7 36. Qh3 1-0

[Event "20th Rubinstein Memorial"]
[Site "Polanica Zdroj POL"]
[Date "1982.08.??"]
[Round "14"]
[White "Pytel, Krzysztof"]
[Black "Foisor, Ovidiu"]
[WhiteElo "2405"]
[BlackElo "2400"]
[Result "1/2-1/2"]
[EventDate "1982.08.11"]
[PlyCount "81"]
1. d4 Nf6 2. c4 e6 3. Nf3 Bb4+ 4. Bd2 Qe7 5. g3 Nc6 6. Bg2 Bxd2+ 7. Nbxd2 d6 8. O-O O-O 9. e4 e5 10. d5 Nb8 11. Ne1 a5 12. f4 Na6 13. Nd3 Nd7 14. f5 c6 15. Rf2 f6 16. b3 Ndc5 17. Nxc5 Nxc5 18. Nb1 Na6 19. Nc3 c5 20. Bf3 g6 21. Bg4 Nc7 22. Qe2 Bd7 23. Raf1 g5 24. h4 gxh4 25. gxh4 Kh8 26. Kh1 Qg7 27. a4 Rg8 28. Rg2 Qh6 29. Rh2 Rg7 30. Nd1 Rag8 31. Ne3 Be8 32. Rh3 Bf7 33. Kh2 Ne8 34. Qd1 Rf8 35. Be2 Rgg8 36. Rf2 Qg7 37. Qf1 h5 38. Qd1 Qh6 39. Nf1 Rg7 40. Qd2 Qxd2 41. Nxd2 1/2-1/2

[Event "20th Rubinstein Memorial"]
[Site "Polanica Zdroj POL"]
[Date "1982.08.??"]
[Round "14"]
[White "Spiridonov, Nikola"]
[Black "Schmidt, Wlodzimierz"]
[WhiteElo "2440"]
[BlackElo "2475"]
[Result "1/2-1/2"]
[EventDate "1982.08.11"]
[PlyCount "21"]
1. c4 g6 2. Nc3 c5 3. g3 Bg7 4. Bg2 Nc6 5. a3 a6 6. Rb1 Rb8 7. b4 cxb4 8. axb4 b5 9. cxb5 axb5 10. Nf3 e5 11. e4 1/2-1/2

[Event "20th Rubinstein Memorial"]
[Site "Polanica Zdroj POL"]
[Date "1982.08.??"]
[Round "14"]
[White "Vogt, Lothar"]
[Black "Stempin, Pawel"]
[WhiteElo "2490"]
[BlackElo "2380"]
[Result "1-0"]
[EventDate "1982.08.11"]
[PlyCount "53"]
1. e4 c5 2. Nf3 d6 3. d4 cxd4 4. Nxd4 Nf6 5. Nc3 a6 6. Be2 e6 7. f4 Be7 8. O-O O-O 9. Kh1 Qc7 10. Qe1 b5 11. Bf3 Bb7 12. e5 dxe5 13. fxe5 Nfd7 14. Qg3 Kh8 15. Bf4 Bxf3 16. Qxf3 Ra7 17. Rae1 Qb7 18. Qh5 g6 19. Qh6 Re8 20. Ne4 Bf8 21. Qh4 Kg8 22. Ng5 h6 23. Nxf7 Kxf7 24. Bxh6+ Kg8 25. Qg5 Bxh6 26. Qxg6+ Bg7 27. Rf7 1-0

[Event "20th Rubinstein Memorial"]
[Site "Polanica Zdroj POL"]
[Date "1982.08.??"]
[Round "15"]
[White "Bielczyk, Jacek"]
[Black "Panczyk, Krzysztof"]
[WhiteElo "2390"]
[BlackElo "2380"]
[Result "1/2-1/2"]
[EventDate "1982.08.11"]
[PlyCount "35"]
1. e4 e5 2. Nf3 Nc6 3. Bb5 a6 4. Ba4 Nf6 5. d4 exd4 6. O-O Be7 7. Re1 O-O 8. e5 Ne8 9. c3 dxc3 10. Nxc3 d6 11. exd6 Bxd6 12. Bg5 Nf6 13. Ne4 Be7 14. Qxd8 Rxd8 15. Nxf6+ Bxf6 16. Bxf6 gxf6 17. Bxc6 bxc6 18. Rac1 1/2-1/2

[Event "20th Rubinstein Memorial"]
[Site "Polanica Zdroj POL"]
[Date "1982.08.??"]
[Round "15"]
[White "Foisor, Ovidiu"]
[Black "Filipowicz, Andrzej"]
[WhiteElo "2400"]
[BlackElo "2395"]
[Result "1-0"]
[EventDate "1982.08.11"]
[PlyCount "79"]
1. d4 Nf6 2. c4 c5 3. d5 e6 4. Nc3 exd5 5. cxd5 d6 6. Nf3 g6 7. e4 Bg7 8. Bg5 h6 9. Bh4 a6 10. Nd2 O-O 11. a4 Re8 12. Be2 Nbd7 13. O-O Qc7 14. f4 Rb8 15. Kh1 Nh7 16. Qc2 g5 17. Bg3 gxf4 18. Rxf4 Ne5 19. Nd1 Ng6 20. Rf1 Be5 21. Ra3 b5 22. axb5 axb5 23. Bxe5 Rxe5 24. b4 Ng5 25. Nf3 Nxf3 26. Raxf3 Re7 27. Rf6 cxb4 28. Qd2 Kg7 29. Qxb4 Rb7 30. Nc3 Bd7 31. Rxd6 Ne5 32. Rdf6 Re8 33. Qd4 Rg8 34. Bh5 Bg4 35. Bxf7 Qxf7 36. Rxf7+ Rxf7 37. Rxf7+ Kxf7 38. Nxb5 Kf6 39. h3 Bd7 40. Nd6 1-0

[Event "20th Rubinstein Memorial"]
[Site "Polanica Zdroj POL"]
[Date "1982.08.??"]
[Round "15"]
[White "Radulov, Ivan"]
[Black "Spiridonov, Nikola"]
[WhiteElo "2480"]
[BlackElo "2440"]
[Result "1/2-1/2"]
[EventDate "1982.08.11"]
[PlyCount "31"]
1. e4 e6 2. d4 d5 3. exd5 exd5 4. Nf3 c6 5. Bf4 Bd6 6. Bxd6 Qxd6 7. c3 Ne7 8. Bd3 Bf5 9. O-O O-O 10. Bxf5 Nxf5 11. Qd3 Ne7 12. Nbd2 Nd7 13. Rfe1 Rfe8 14. Re2 Qg6 15. Qxg6 Nxg6 16. Rae1 1/2-1/2

[Event "20th Rubinstein Memorial"]
[Site "Polanica Zdroj POL"]
[Date "1982.08.??"]
[Round "15"]
[White "Schmidt, Wlodzimierz"]
[Black "Pokojowczyk, Jerzy"]
[WhiteElo "2475"]
[BlackElo "2420"]
[Result "1-0"]
[EventDate "1982.08.11"]
[PlyCount "107"]
1. d4 Nf6 2. c4 e6 3. Nf3 b6 4. a3 c5 5. d5 exd5 6. cxd5 g6 7. Nc3 Bg7 8. e4 O-O 9. Bd3 d6 10. h3 a6 11. a4 Nbd7 12. O-O Ne8 13. Bg5 Bf6 14. Be3 Rb8 15. Rb1 Nc7 16. Qd2 Ne5 17. Nxe5 Bxe5 18. b4 Bd7 19. bxc5 bxc5 20. Rxb8 Qxb8 21. Rb1 Qa7 22. Bf4 Rb8 23. Bxe5 dxe5 24. Qg5 c4 25. Rxb8+ Qxb8 26. Bxc4 Ne8 27. Qe7 Qc8 28. Bxa6 Qxc3 29. Qxd7 Qc1+ 30. Bf1 Nf6 31. Qc6 Qf4 32. g3 Qf3 33. Qc2 Qa3 34. Bg2 Kg7 35. Kh2 h5 36. f4 h4 37. Qf2 Nh5 38. gxh4 Nxf4 39. Qc2 Qe3 40. Qd1 Qf2 41. Qf3 Qxh4 42. Qe3 Qe7 43. Qd2 Qa3 44. a5 Kf8 45. d6 Ke8 46. Bf1 Ne6 47. Qd5 Qb2+ 48. Kg1 Qc3 49. Kf2 Kf8 50. d7 Ke7 51. a6 f5 52. Qxe6+ Kxe6 53. d8=Q Qc2+ 54. Be2 1-0

[Event "20th Rubinstein Memorial"]
[Site "Polanica Zdroj POL"]
[Date "1982.08.??"]
[Round "15"]
[White "Sznapik, Aleksander"]
[Black "Popovic, Petar"]
[WhiteElo "2480"]
[BlackElo "2460"]
[Result "1/2-1/2"]
[EventDate "1982.08.11"]
[PlyCount "24"]
1. e4 e5 2. Nf3 Nf6 3. Nxe5 d6 4. Nf3 Nxe4 5. d4 d5 6. Bd3 Be7 7. O-O Nc6 8. Re1 Bf5 9. Nbd2 Nxd2 10. Qxd2 Bxd3 11. Qxd3 O-O 12. Bf4 a6 1/2-1/2